26 - 京都府の自治体(Text) - Statistics

General Stats
  • This quiz has been taken 56 times
    23 since last reset
  • The average score is 21 of 26
Answers on the Map
Answers color-coded by a green-red scale on the quiz's map according to % correct below.
 
Answer Stats
市町村 % Correct
宇治うじ
100%
京丹後きょうたんご
100%
京都きょうと
100%
南丹なんたん
93%
与謝よさぐん 伊根いねちょう
86%
亀岡かめおか
86%
京田辺きょうたなべ
86%
船井ふないぐん 京丹波きょうたんばちょう
86%
城陽じょうよう
86%
長岡京ながおかきょう
86%
福知山ふくちやま
86%
舞鶴まいづる
86%
相楽そうらくぐん 南山城みなみやましろむら
86%
綾部あやべ
79%
乙訓おとくにぐん 大山崎おおやまざきちょう
79%
相楽そうらくぐん 精華せいかちょう
79%
宮津みやづ
79%
木津川きづがわ
71%
久世くせぐん 久御山くみやまちょう
71%
向日むこう
71%
八幡やわた
71%
与謝よさぐん 与謝野よさのちょう
71%
綴喜つづきぐん 井手いでちょう
64%
綴喜つづきぐん 宇治田原うじたわらちょう
64%
相楽そうらくぐん 和束わづかちょう
64%
相楽そうらくぐん 笠置かさぎちょう
57%
No matching quizzes found
Score Distribution
Percent of People with Each Score
Percentile by Number Answered
Your Score History
You have not taken this quiz since the last reset